El pensamiento de Unamuno (Registro nro. 12566)

Detalles MARC
000 -ENCABEZADO
Número de control [NR] 00774nam a2200217Ia 4500
008 - DE LONGITUD FIJA DE DATOS DE ELEMENTOS - INFORMACIÓN GENERAL
Elementos de longitud fija [NR] 130821s1964 mx gr spa
040 ## - FUENTE DE CATALOGACION [NR]
Agencia de catalogación original [NR] Co-BoUCM
Idioma de catalogación [NR] spa
041 ## - CODIGO DE IDIOMA [R]
Código de idioma para texto/pista de sonido o título separado [R] Español
100 ## - ASIENTO PRINCIPAL--NOMBRE PERSONAL [NR]
Nombre personal [NR] Serrano Poncela, S.
ID Autoridad 155847
245 #3 - MENCION DE TITULO [NR]
Título [NR] El pensamiento de Unamuno
Mención de responsabilidad, etc. [NR] S. Serrano Poncela
250 ## - MENCION DE EDICION [NR]
Mención de edición [NR] 2a. ed.
260 ## - PUBLICACION, DISTRIBUCION, ETC. (PIE DE IMPRENTA) [R]
Lugar de publicación, distribución, etc. [R] México D.F. (México)
Nombre del editor, distribuidor, etc. [R] Fondo de Cultura Económica
Fecha de publicación, distribución, etc. [R] 1964
300 ## - DESCRIPCION FISICA [R]
Extensión [R] 265 páginas
490 ## - MENCION DE SERIE [R]
Mención de serie [R] Breviarios del Fondo de Cultura Económica; 76
500 ## - NOTA GENERAL [R]
Nota general [NR] Notas al pie de página
600 ## - ASIENTO SECUNDARIO DE MATERIA - NOMBRE PERSONAL [R]
Nombre personal [NR] Unamuno, Miguel de
Fechas asociadas con el nombre [NR] 1864-1936
9 (RLIN) 55675
600 ## - ASIENTO SECUNDARIO DE MATERIA - NOMBRE PERSONAL [R]
Nombre personal [NR] Unamuno, Miguel de
Fechas asociadas con el nombre [NR] 1864-1936
Subdivisión general [R] Crítica e interpretación, etc.
9 (RLIN) 155848
650 04 - ASIENTO SECUNDARIO DE MATERIA - TERMINO TEMATICO [R]
Término temático o nombre geográfico como elemento de entrada [NR] Literatura española
9 (RLIN) 7793
942 ## - ELEMENTOS DE ENTRADA AGREGADOS (KOHA)
Tipo de ítem principal el descrito en 300a Libro
Tema principal Literatura
Edición 2
Parte restante de la signatura top. S37
Sistema de clasificación DEWEY
Clasificación 860.5
Existencias
Fecha de último préstamo Total préstamos Signatura topográfica Código de barras Última vez visto Ejemplar Price effective from Tipo de ítem Perdido Sistema de clasificación Dañado No prestable Tipo de ítem específico Suprimido Ubicación habitual Ubicación actual Localización Fecha de creación Forma de adquisición Costo
24/11/2009 11 860.5 S37 100017877 09/12/2025 Ej.1 03/02/2013 Libro   DEWEY     Libro   Claustro Claustro 2do piso 28/02/2003 Compra 400.00